[Event "Wch U14 Girls"]
[Site "Maribor"]
[Date "2012.11.16"]
[Round "9.31"]
[White "Ramadani, Sarah"]
[Black "Zhao, Annie"]
[Result "0-1"]
[WhiteElo "1804"]
[BlackElo "1878"]
[PlyCount "110"]
[EventDate "2012.11.08"]
[EventType "swiss"]
[EventRounds "11"]
[EventCountry "SLO"]
[SourceTitle "EXT 2013"]
[Source "ChessBase"]
[SourceDate "2012.11.22"]
[SourceVersion "1"]
[SourceVersionDate "2012.11.22"]
[SourceQuality "1"]

1. e4 c6 2. d4 d5 3. Nd2 dxe4 4. Nxe4 Bf5 5. Ng3 Bg6 6. h4 h6 7. h5 Bh7 8. Nf3 Nd7 9. Bd3 Bxd3 10. Qxd3 Qc7 11. Bd2 Ngf6 12. Ne4 e6 13. 0-0-0 0-0-0 14. Kb1 Nxe4 15. Qxe4 Nf6 16. Qe2 Bd6 17. g3 Rd7 18. c4 c5 19. Rc1 cxd4 20. c5 Bxc5 21. b4 d3 22. Qe1 Rd5 23. bxc5 Nd7 24. Ba5 Qc6 25. Qb4 e5 26. Rhe1 f6 27. Nd2 Nxc5 28. Nb3 b6 29. Nxc5 bxc5 30. Qg4+ Qd7 31. Qxd7+ Kxd7 32. Rc4 f5 33. f3 Re8 34. Kc1 Kc6 35. a4 Rd4 36. Rxd4 cxd4 37. Kd2 e4 38. Rc1+ Kd5 39. fxe4+ fxe4 40. Rc7 Re5 41. Bb4 a6 42. Rc5+ Ke6 43. Rc6+ Kd5 44. Rc5+ Ke6 45. Rxe5+ Kxe5 46. Bf8 Kf6 47. Bc5 Ke5 48. a5 Kd5 49. Bf8 Kc4 50. Bxg7 e3+ 51. Kd1 Kc3 52. Bxh6 d2 53. Ke2 Kc2 54. Kf3 d1Q+ 55. Kg2 Qxh5 0-1

[Event "Wch U14 Girls"]
[Site "Maribor"]
[Date "2012.11.12"]
[Round "6.29"]
[White "Zhao, Annie"]
[Black "Mirzaeva, Gulnara"]
[Result "1/2-1/2"]
[WhiteElo "1878"]
[BlackElo "1777"]
[PlyCount "76"]
[EventDate "2012.11.08"]
[EventType "swiss"]
[EventRounds "11"]
[EventCountry "SLO"]
[SourceTitle "EXT 2013"]
[Source "ChessBase"]
[SourceDate "2012.11.22"]
[SourceVersion "1"]
[SourceVersionDate "2012.11.22"]
[SourceQuality "1"]

1. d4 Nf6 2. c4 g6 3. Nc3 Bg7 4. Nf3 0-0 5. g3 c5 6. d5 a6 7. a4 d6 8. Bg2 Nbd7 9. a5 b6 10. axb6 Nxb6 11. Nd2 Bb7 12. 0-0 Qc7 13. Qc2 e6 14. e4 exd5 15. exd5 Bc8 16. Nce4 Bf5 17. Nxf6+ Bxf6 18. Ne4 Bg7 19. Ra3 Rfe8 20. Re3 Rab8 21. b3 Nd7 22. Bb2 Ne5 23. Bc3 Qb6 24. Rfe1 Ng4 25. Bxg7 Nxe3 26. Nf6+ Kxg7 27. Nxe8+ Rxe8 28. Qc3+ f6 29. Rxe3 Rxe3 30. Qxe3 Qb7 31. Be4 Bxe4 32. Qxe4 Kf8 33. Qe6 Qe7 34. Qc8+ Kg7 35. Qxa6 Qe1+ 36. Kg2 Qe4+ 37. Kg1 Qe1+ 38. Kg2 Qe4+ 1/2-1/2

[Event "Wch U14 Girls"]
[Site "Maribor"]
[Date "2012.11.10"]
[Round "3.6"]
[White "Tokhirjonova, Gulruhbegim"]
[Black "Zhao, Annie"]
[Result "1-0"]
[WhiteElo "2002"]
[BlackElo "1931"]
[PlyCount "119"]
[EventDate "2012.11.08"]
[EventType "swiss"]
[EventRounds "11"]
[EventCountry "SLO"]
[SourceTitle "EXT 2013"]
[Source "ChessBase"]
[SourceDate "2012.11.22"]
[SourceVersion "1"]
[SourceVersionDate "2012.11.22"]
[SourceQuality "1"]

1. e4 c6 2. d4 d5 3. e5 Bf5 4. Nf3 e6 5. Be2 Nd7 6. 0-0 h6 7. c4 dxc4 8. Bxc4 Nb6 9. Be2 Ne7 10. Nc3 Bh7 11. Be3 Nf5 12. Qd2 Be7 13. Rac1 0-0 14. a3 a5 15. Rfd1 Qd7 16. g3 Rfd8 17. Kg2 Nxe3+ 18. fxe3 Nd5 19. Nxd5 cxd5 20. Rc3 b6 21. Rdc1 Rdc8 22. Bb5 Qd8 23. Ne1 Be4+ 24. Kg1 Kh8 25. Nd3 Bf5 26. Nf2 Kg8 27. Bd3 Bxd3 28. Nxd3 Qd7 29. Qc2 Rxc3 30. Qxc3 Bg5 31. Kf1 Rf8 32. Qc6 Qa7 33. Ke2 Qa6 34. Kd2 Qa7 35. h4 Bd8 36. Qd6 g5 37. h5 b5 38. Rc8 Be7 39. Rc7 Bxd6 40. Rxa7 Bb8 41. Rxa5 Bc7 42. Rxb5 Rb8 43. Rxb8+ Bxb8 44. g4 Kf8 45. b4 Ke7 46. a4 Ba7 47. a5 Kd7 48. b5 Kc7 49. b6+ Bxb6 50. axb6+ Kxb6 51. Nc5 Kc7 52. Kc3 Kd8 53. Kb4 Ke7 54. Kb5 f6 55. exf6+ Kxf6 56. Kc6 Ke7 57. Kc7 e5 58. dxe5 d4 59. exd4 Kf7 60. d5 1-0

[Event "Wch U14 Girls"]
[Site "Maribor"]
[Date "2012.11.08"]
[Round "1.37"]
[White "Dimitrova, Gergana"]
[Black "Zhao, Annie"]
[Result "0-1"]
[WhiteElo "1534"]
[BlackElo "1878"]
[PlyCount "126"]
[EventDate "2012.11.08"]
[EventType "swiss"]
[EventRounds "11"]
[EventCountry "SLO"]
[SourceTitle "EXT 2013"]
[Source "ChessBase"]
[SourceDate "2012.11.22"]
[SourceVersion "1"]
[SourceVersionDate "2012.11.22"]
[SourceQuality "1"]

1. d4 d5 2. Nf3 Nf6 3. c4 c6 4. Nc3 dxc4 5. a4 Bf5 6. e3 e6 7. Bxc4 Bb4 8. 0-0 0-0 9. Bd2 Nbd7 10. Qb3 a5 11. h3 h6 12. Rfd1 Rb8 13. Rac1 Nb6 14. Be2 Nbd5 15. Ne5 Bd6 16. Nc4 Bc7 17. Be1 b5 18. axb5 Nxc3 19. Qxc3 Nd5 20. Qd2 cxb5 21. Nxa5 Qd6 22. f4 Bxa5 23. Qxa5 Nxe3 24. Bb4 Qd5 25. Bf3 Be4 26. Rc5 Qb7 27. Rc7 Qd5 28. Rc5 Qb3 29. Rc3 Nc4 30. Rxb3 Nxa5 31. Rc3 Bxf3 32. Rxf3 Nc4 33. Bxf8 Kxf8 34. b3 Nb6 35. f5 Ke7 36. fxe6 fxe6 37. Rdf1 g5 38. Rf7+ Kd6 39. Rh7 Nd5 40. Rxh6 Nf4 41. Re1 Re8 42. g3 Nd3 43. Re3 Nb4 44. Re5 Nc6 45. Rxg5 Nxd4 46. Kg2 Rc8 47. Kf2 b4 48. Rg4 Rc2+ 49. Ke3 Nf5+ 50. Ke4 Nxh6 51. Rg6 Nf5 52. h4 Rc3 53. Kf4 Rxb3 54. h5 Rb1 55. g4 Ne7 56. Rg5 b3 57. h6 b2 58. h7 Rf1+ 59. Kg3 b1Q 60. h8Q Qd3+ 61. Kg2 Qe2+ 62. Kg3 Rf3+ 63. Kh4 Qh2# 0-1